| 000 | 00712nam a22002297a 4500 | ||
|---|---|---|---|
| 005 | 20251108173555.0 | ||
| 008 | 250721s2005 xx 000 0 ara d | ||
| 020 | _a977408294x | ||
| 082 | 1 | 4 | _aم/ط/577/ويل |
| 100 | 1 |
_aويليامز، براين _eمؤلف |
|
| 245 | 1 | 0 | _aعالم الطبيعة / |
| 264 | 1 |
_aالقاهره : _bدار الفاروق للإستثمارات الثقافية، _c2005. |
|
| 300 | _a36ص. | ||
| 490 | 0 | _aموسوعة سؤال وجواب | |
| 650 | 1 | 7 | _aالثدييات |
| 650 | 1 | 7 | _aالطيور |
| 650 | 1 | 7 | _aالأسماك (حيوان) |
| 650 | 1 | 7 | _aالنباتات |
| 653 | _aناشئون صغار (10-14 سنة) | ||
| 942 |
_2ddc _cBK |
||
| 999 |
_c107186 _d107186 |
||